000 00305nam a2200133 i 4500
001 bg
100 1 _aMARRILL, H.
245 0 _aBasic for IBM personal computers /
_cH. Marrill.
260 _aBoston,
_c1984.
040 _cBPK
041 _apol
942 _cKS
008 s pl f |000 0 pol
999 _c23435
_d23435
856 _uhttp://koha.tu.koszalin.pl/cgi-bin/koha/opac-detail.pl?biblionumber=23435
_yKatalog online BPK